Aid dependence and the quality of governance : a cross-country empirical analysis (Registro nro. 255213)

Detalles MARC
001 - NÚMERO DE CONTROL
campo de control 812376
005 - FECHA Y HORA DE LA ÚLTIMA TRANSACCIÓN
campo de control 20260506093225.0
008 - DATOS DE LONGITUD FIJA--INFORMACIÓN GENERAL
campo de control de longitud fija 021004e20001001 eng
035 ## - NÚMERO DE CONTROL DEL SISTEMA
Número de control de sistema 812376
Número de control cancelado/no válido 10063
035 ## - NÚMERO DE CONTROL DEL SISTEMA
Número de control de sistema (OCoLC)777586371
040 ## - FUENTE DE LA CATALOGACIÓN
Centro/agencia transcriptor comduadb
041 ## - CÓDIGO DE LENGUA
Código de lengua del texto/banda sonora o título independiente eng
080 ## - NÚMERO DE LA CLASIFICACIÓN DECIMAL UNIVERSAL
Número de la Clasificación Decimal Universal BM
100 10 - ENTRADA PRINCIPAL--NOMBRE DE PERSONA
Nombre de persona Knack, Stephen
Código de función aut
Término indicativo de función/relación Autor/a
9 (RLIN) 371437
245 10 - MENCIÓN DE TÍTULO
Título Aid dependence and the quality of governance : a cross-country empirical analysis
260 ## - PUBLICACIÓN, DISTRIBUCIÓN, ETC.
Lugar de publicación, distribución, etc. Washington, DC :
Nombre del editor, distribuidor, etc. Banco Mundial,
Fecha de publicación, distribución, etc. 2000.
300 ## - DESCRIPCIÓN FÍSICA
Extensión 33 páginas
490 0# - MENCIÓN DE SERIE
Mención de serie Policy Research Working Papers ;
Designación de volumen o secuencia 2396
650 ## - PUNTO DE ACCESO ADICIONAL DE MATERIA--TÉRMINO DE MATERIA
Término de materia o nombre geográfico como elemento de entrada Ayuda al desarrollo
9 (RLIN) 19674
650 ## - PUNTO DE ACCESO ADICIONAL DE MATERIA--TÉRMINO DE MATERIA
Término de materia o nombre geográfico como elemento de entrada Administración pública - Países en desarrollo
9 (RLIN) 113992
650 #7 - PUNTO DE ACCESO ADICIONAL DE MATERIA--TÉRMINO DE MATERIA
Término de materia o nombre geográfico como elemento de entrada Corrupción
Fuente del encabezamiento o término lemb
9 (RLIN) 66383
942 ## - ELEMENTOS DE ENTRADA AGREGADA (KOHA)
Tipo de ítem Koha Libros
Existencias
Estado de retiro Estado de pérdida Estado dañado No para préstamo Código de colección Localización permanente Ubicación/localización actual Fecha de adquisición Número de inventario Total de préstamos Signatura topográfica completa Código de barras Fecha visto por última vez Número de copia Precio válido a partir de Tipo de ítem Koha
        Colección Banco Mundial Centro Documentación Economía (Bloque 13 Of. 118) Centro Documentación Economía (Bloque 13 Of. 118) 24/04/2023 C779650   BM/33099 61000004530894 24/04/2023 1 24/04/2023 Libros